| 000 | 00972nam a2200253 i 4500 | ||
|---|---|---|---|
| 001 | 37820 | ||
| 003 | ES-MaACL | ||
| 005 | 20240122121529.0 | ||
| 007 | t| | ||
| 008 | 211221s2008 sp a 00110 spa d | ||
| 020 | _a978-84-9867-005-9 | ||
| 080 | _a2-14/-17 | ||
| 245 | 0 | 0 |
_aMitología : _btodos los mitos y leyendas del mundo / _c[editor, Gordon Cheers ; coeditora, Margaret Olds]. |
| 250 | _aEd. exclusica para BBVA. | ||
| 260 |
_aBarcelona : _bRBA Libros, _c[2008] |
||
| 300 |
_a191 p. : _bil. col. ; _c31 cm. |
||
| 505 | 8 | _aContiene: Mitología de Europa . Mitología de Egipto y África . Mitología de Oriente Medio y Asia . Mitología de América | |
| 650 | 4 |
_aMitología. _915092 |
|
| 700 | 1 |
_aCheers, Gordon. _9173891 |
|
| 700 | 1 |
_aOlds, Margaret. _9173892 |
|
| 852 |
_aES-MaACL _jA-14803 _939199 _bR.152178 _cDEPO1 _dOlim: N-7803 _hDonación: Editorial _xEncuadernación cartoné |
||
| 942 |
_2udc _cMONOGRAFIA |
||
| 999 |
_c37820 _d37820 |
||